Trenerzy piłki nożnej na literę P - Statystyki

Ogólne statystyki
  • Ten quiz został rozwiązany 30 razy
  • Średni wynik to 6 z 16
Statystyki odpowiedzi
Prowadzone zespoły Odpowiedź % Poprawnych
Raków Częstochowa 2016-2023 2024- Marek Papszun
96%
Jagiellonia Białystok 2008-2011 2014-2017 Cracovia 2017-2021 Polska 2023-2025 Michał Probierz
92%
Villareal 2004-2009 Malaga 2010-2013 Manchester City 2013-2016 Real Betis 2020- Manuel Pellegrini
88%
Tottenham 2014-2019 PSG 2021-2022 Chelsea 2023-2024 Mauricio Pochettino
80%
Odra Opole 1975-1979 Polska 1981-1986 1996-1997 Antoni Piechniczek
52%
Celtic Glasgow 2021-2023 Tottenham 2023-2025 Ange Postecoglou
48%
Bologna 2011-2014 Lazio 2014-2016 Fiorentina 2017-2019 AC Milan 2019-2024 Stefano Pioli
48%
Argentyna 1994-1998 Daniel Passarella
20%
Lazio 2012-2014 Szwajcaria 2014-2021 Vladimir Petkovic
20%
Parma 2002-2004 Fiorentina 2005-2010 Włochy 2010-2014 Cesare Prandelli
12%
Liverpool 1974-1983 Bob Paisley
8%
Brazylia 1991-1994 2003-2006 Carlos Alberto Parreira
8%
CSKA Sofia 1986-1990 Bułgaria 1991-1996 Dymityr Penew
4%
Argentyna 2004-2006 Kolumbia 2012-2018 Jose Pekerman
4%
Dania 1979-1990 Turcja 1990-1993 Sepp Piontek
4%
Torino 1912-1922 AC Milan 1924-1926 Włochy 1929-1948 Vittorio Pozzo
4%
Nie znaleziono quizów pasujących do podanych kryteriów
Rozkład punktacji
Procent ludzi z każdym wynikiem
Percentyl według liczby udzielonych odpowiedzi
Twoja historia wyników
Nie rozwiązałeś tego quizu